000 00333nam a2200133Ia 4500
005 20260328101530.0
008 260328s9999||||xx |||||||||||||| ||und||
100 _aAyres, Frank J.
245 0 _aProjective geometry /
_cFrank J. Ayres
260 _bMcGraw Hill
300 _a241 p.
650 _aARQUITECTURA - ELEMENTOS
942 _cBK
999 _c9945
_d9945